| 000 | 01257cam a2200229 4500 | ||
|---|---|---|---|
| 001 | J125728 | ||
| 008 | 111205n2004 000 0 eng u | ||
| 035 | _a(Sirsi) u125728 | ||
| 041 | _aeng | ||
| 050 |
_a333.332 _c18 |
||
| 110 |
_aUnited Kingdom _bOffice of the Deputy Prime Minister |
||
| 245 |
_aAnalysis of responses to reforming the home buying and selling process in England and Wales _bcontents of the home information pack - a consultation paper |
||
| 260 |
_aLondon _bODPM _c2004 |
||
| 520 | _aThis report examines the 255 responses to the consultation paper "Reforming the home buying and selling process in England and Wales: contents of the home information pack" (J122755), which invited views on the documents and information to be included in the proposed home information packs. Two thirds of the 102 respondents who expressed an opinion agreed with the overall idea of the pack. View at www.dclg.gov.uk | ||
| 650 | _aHOUSING BILL 2003 | ||
| 650 | _aHOME CONDITION REPORTS | ||
| 650 | _aHOME INFORMATION PACKS | ||
| 690 | _aPROPERTY AND LAND LAW-AGENCY-RESIDENTIAL | ||
| 710 |
_aSPARK Research _94386 |
||
| 856 |
_uhttps://www.communities.gov.uk/documents/housing/pdf/156402.pdf _zView the report on the DCLG website |
||
| 942 | _n0 | ||
| 999 |
_c103456 _d103456 |
||